| 000 | 00709nam a2200217 a 4500 | ||
|---|---|---|---|
| 008 | |||
| 020 | _a1853690570 (pbk) | ||
| 040 |
_aMAIN _cNUST |
||
| 090 |
_aHG8083 _bPRI |
||
| 245 | 0 | 0 |
_aPrinciples of reinsurance : _bstudy course 830 / _c [prepared by] CII Tuition Service. |
| 260 |
_aCambridge : _bproduced for the CII by Book Production Consultants, _c1991. |
||
| 300 |
_a1 v. (various pagings) ; _c31 cm. |
||
| 504 | _aIncludes index. | ||
| 650 | 0 |
_aReinsurance _zUnited Kingdom. |
|
| 710 | 2 | _aChartered Insurance Institute. | |
| 907 |
_a.b10113587 _b04-04-22 _c04-03-04 |
||
| 003 | |||
| 005 | 20230120193554.0 | ||
| 049 | _aMAIN | ||
| 942 |
_cBOOKS _kHG8083 _mPRI |
||
| 999 |
_c101501 _d101501 |
||